000 00483nam a2200181Ia 4500
001 24454
005 20260414151044.0
008 260414t2014||||xx |||||||||||||| ||spa||
041 _aESP
082 _a345.7
_bQ62
100 _aQuintanilla y Paz-Soldán, Fernando Juan,
_eAUT
245 0 _aPara dominar el código procesal civil :
_breguntas y respuestas
260 _c2014
300 _a515 páginas :
_c21 cm.
650 _aDER
654 _aCDE
942 _cLIB
_dJUS
_fJUS
_2ddc
_n
999 _c24454
_d24454